| 000 | 00399nam a2200145Ia 4500 | ||
|---|---|---|---|
| 008 | 100415s9999 xx 000 0 und d | ||
| 082 |
_b1076 _a574 |
||
| 100 | _aLydekker R | ||
| 245 | _aThe Royal Natural History Vol. IV | ||
| 260 |
_aLONDON _c1895 _bFREDERICK WARNE |
||
| 365 | _b0 | ||
| 630 | _aThe Royal Natural History Vol. IV | ||
| 730 | _aThe Royal Natural History Vol. IV | ||
| 942 | _cBOOK | ||
| 999 |
_c584135 _d584132 |
||